The Walking Dead - Characters by photos - Statistics

General Stats
  • This quiz has been taken 2,355 times
    2,037 since last reset
  • The average score is 24 of 34
Answer Stats
Picture Hint Answer % Correct
Name and surname Rick Grimes
99%
Name and surname Carl Grimes
95%
Name Glenn
92%
Name and surname Lori Grimes
92%
Name Carol
89%
Name and surname Daryl Dixon
89%
Name Andrea
88%
Name Dale
85%
Name and surname Merle Dixon
84%
Name Michonne
83%
Name Abraham
80%
Name Rosita
79%
Name Tara
78%
Name Enid
76%
Name Morgan
75%
Name Eugene
74%
Name T-Dog
72%
Name and surname Maggie Greene
71%
Name and surname Shane Walsh
71%
Name Negan
70%
Name and surname Hershel Greene
69%
Name and surname Beth Greene
66%
,,pseudonym,, Alfa
64%
Name Ezekiel
63%
Name Sasha
61%
Name Bob
59%
Name Dwight
59%
Name Aaron
58%
Name Tyreese
56%
Name Noah
54%
Name Simon
46%
Name (prisoner) Axel
38%
Name Martinez
24%
Name Milton
14%
No matching quizzes found
Score Distribution
Percent of People with Each Score
Percentile by Number Answered
Your Score History
You have not taken this quiz since the last reset